000 00494nam a2200181Ia 4500
005 20250508152513.0
008 008 250505s9999 xx 000 0 hin d
037 _aTextual
040 _aFEDL
_beng
_cFEDL
041 _ahin
_2hin
084 _a891.432, PRA
_qFEDL
100 _aPrasad Jai Sankar
_9398468
245 0 _aVisakh: Etihasik natak
260 _aAllahabad, India
_bBharti Bhandar
300 _a128p.
942 _cTEXL
_h891.432, PRA
999 _c1336853
_d1336853